| 000 | 00555nam a22002177a 4500 | ||
|---|---|---|---|
| 003 | OSt | ||
| 005 | 20140310182935.0 | ||
| 008 | 130201t xxu||||| |||| 00| 0 eng d | ||
| 020 | _a9789716422955 | ||
| 050 |
_aDS33 _b.Za21 1994 |
||
| 082 |
_aFIL950 _bZ1 2010 |
||
| 245 |
_aHistory of Asian nations _cGregorio F. Zaide |
||
| 250 | _a8th ed. | ||
| 260 |
_aManila _bNational Bookstore _cc2010 |
||
| 300 |
_a285 p. ; maps. _c25.5 cm. |
||
| 521 | _acollege students | ||
| 526 | _c1210L-1700L | ||
| 562 | _e1 | ||
| 942 |
_2lcc _cBK _kFIL |
||
| 999 |
_c17591 _d17591 |
||